Behaviour of superficial oxide film during diffusion bonding of Al-alloys

Bibliographic Details
Main Authors: Kotani, K. (Author), Ikeuchi, K. (Author), Jung, J.P (Author), Matsuda, F. (Author)
Format: Article
Language:Slovak
English
PhysicalDescription:Grafy, obr., tab.
ISSN:1335-1532
Subjects:

MARC

LEADER 00000nab a2200000 a 4500
001 vtls000780618
003 SK-MaSNL
005 20260304123841.0
008 250429c2001 xo 0 slo
015 |a SNBRB2002/01-02210 
035 |a CLN000132363 
035 |a urn:nbn:sk:snk-abd42e 
035 |a (urnnbn)urn:nbn:sk:snk:ar-00567x 
035 |a (uuid)68ab190c-eefa-4c5c-b8ff-f769a86ee726 
040 |a SNKBUCL  |b slo  |c SNKBUCL  |e AACR2 
041 0 |a eng 
044 |a xo  |c SK 
080 |a 669.716.9:620.187  |2 1997 
080 |a 620.187  |2 1997 
245 0 0 |a Behaviour of superficial oxide film during diffusion bonding of Al-alloys  |c K. Kotani ... [et al.] 
300 |b Grafy, obr., tab. 
504 |a Res. angl. 
504 |a Bibliogr. odkazy 
650 0 7 |a zliatiny Al  |x spojenie difúzne  |x vrstvy oxidické  |x mikroskopia elektrónová transmisná  |2 snkbucl  |9 1433678 
650 0 7 |a transmisná elektrónová mikroskopia  |2 snkbucl  |9 111221 
655 7 |a články z novín a časopisov  |2 snkbucl  |9 267496 
700 1 |a Kotani, K.  |4 aut  |9 1433679 
700 1 |a Ikeuchi, K.  |4 aut  |9 812894 
700 1 |a Jung, J.P.  |4 aut  |9 1433680 
700 1 |a Matsuda, F.  |4 aut  |9 812909 
773 0 |t Acta metallurgica slovaca  |g Roč. 7, mimoriadne č. 1 (2001), s. 169-177  |x 1335-1532 
850 |a Slovenská národná knižnica 
852 |a Slovenská národná knižnica 
958 |a article17 
958 |a NB 
958 |a OND 
958 |a EUIPO 
992 |a RBX 
999 |c 2890076  |d 2892006